Firmy według państwa #2 - Statystyki

Ogólne statystyki
  • Ten quiz został rozwiązany 3 606 razy
  • Średni wynik to 10 z 21
Statystyki odpowiedzi
Firma Państwo % Poprawnych
Google Stany Zjednoczone
99%
Sony Japonia
86%
Fiat Włochy
84%
Hyundai Korea Południowa
83%
Tesco Wielka Brytania
73%
Gazprom Rosja
72%
Emirates Airline Zjednoczone Emiraty Arabskie
71%
Heineken Holandia
63%
Airbus Francja
48%
Tata Motors Indie
45%
Ryanair Irlandia
45%
Nestlé Szwajcaria
44%
Lenovo Chiny
42%
ThyssenKrupp Niemcy
33%
BlackBerry Kanada
29%
Telefonica Hiszpania
23%
HTC Tajwan
23%
Rovio Finlandia
22%
Petrobras Brazylia
20%
BHP Billiton Australia
11%
Teva Pharmaceuticals Izrael
9%
Nie znaleziono quizów pasujących do podanych kryteriów
Rozkład punktacji
Procent ludzi z każdym wynikiem
Percentyl według liczby udzielonych odpowiedzi
Twoja historia wyników
Nie rozwiązałeś tego quizu